Gentilés Rhône Alpes - Mort Subite #1 - Statistiques

Statistiques générales
  • Ce quiz a été pris 23 fois
  • Le résultat moyen est 5 sur 30
Answers on the Grid
Answers color-coded by a green-red scale on the quiz's grid according to % correct below.
Stéphanois
Lyonnais
Grenoblois
Privadois
Julbansainois
Bonloculiens
Birounaïres
Largentiéreines
Montiliens
Montéliens
Rochelaines
Saôniens
Berjallien
Oyentins
Chambérien
Argentins
Bellecombaises
Annéciens
Demi-quartelains
Mégevans
Matondus
Burgiens
Belleydousans
Illiatis
Jassannais
Juliénatons
Caladois
Givordins
Foréziens
Appelous
Charlieudonnais
Pinaillais
Noirétablis
Abrienous
Albenassiers
Valençoises
Theizévous
Girontins
Bourgeois
Bernexiens
Palludistes
Barbiers
Aubenassonnois
Charmeurs
Rompu
Cheylardechois
Villeurbannois
Romanesque
 
Statistiques - réponses
Réponse % Correct
Lyonnais
68%
Chambérien
58%
Grenoblois
53%
Annéciens
42%
Stéphanois
42%
Berjallien
37%
Caladois
26%
Foréziens
21%
Bellecombaises
16%
Burgiens
16%
Givordins
16%
Mégevans
16%
Privadois
16%
Argentins
11%
Jassannais
11%
Julbansainois
11%
Oyentins
11%
Belleydousans
5%
Bonloculiens
5%
Demi-quartelains
5%
Juliénatons
5%
Largentiéreines
5%
Matondus
5%
Montéliens
5%
Montiliens
5%
Appelous
0%
Birounaïres
0%
Illiatis
0%
Rochelaines
0%
Saôniens
0%
Aucun quiz correspondant
Distribution des résultats
% des personnes avec chaque résultat
Percentile par nombre de réponses
Votre historique - résultats
Vous n’avez pas pris ce quiz